<?xml version="1.0" encoding="UTF-8"?><?xml-stylesheet type="text/xsl" href="static/style.xsl"?><OAI-PMH xmlns="http://www.openarchives.org/OAI/2.0/" xmlns:xsi="http://www.w3.org/2001/XMLSchema-instance" xsi:schemaLocation="http://www.openarchives.org/OAI/2.0/ http://www.openarchives.org/OAI/2.0/OAI-PMH.xsd"><responseDate>2026-04-14T02:59:00Z</responseDate><request verb="GetRecord" identifier="oai:www.recercat.cat:2117/336291" metadataPrefix="marc">https://recercat.cat/oai/request</request><GetRecord><record><header><identifier>oai:recercat.cat:2117/336291</identifier><datestamp>2026-01-30T09:10:20Z</datestamp><setSpec>com_2072_1033</setSpec><setSpec>col_2072_452950</setSpec></header><metadata><record xmlns="http://www.loc.gov/MARC21/slim" xmlns:dcterms="http://purl.org/dc/terms/" xmlns:xsi="http://www.w3.org/2001/XMLSchema-instance" xmlns:doc="http://www.lyncode.com/xoai" xsi:schemaLocation="http://www.loc.gov/MARC21/slim http://www.loc.gov/standards/marcxml/schema/MARC21slim.xsd">
   <leader>00925njm 22002777a 4500</leader>
   <datafield ind2=" " ind1=" " tag="042">
      <subfield code="a">dc</subfield>
   </datafield>
   <datafield ind2=" " ind1=" " tag="720">
      <subfield code="a">Oorthuis Gómez, Raül</subfield>
      <subfield code="e">author</subfield>
   </datafield>
   <datafield ind2=" " ind1=" " tag="720">
      <subfield code="a">Vaunat, Jean</subfield>
      <subfield code="e">author</subfield>
   </datafield>
   <datafield ind2=" " ind1=" " tag="720">
      <subfield code="a">Hurlimann Ziegler, Marcel</subfield>
      <subfield code="e">author</subfield>
   </datafield>
   <datafield ind2=" " ind1=" " tag="720">
      <subfield code="a">Lloret Morancho, Antonio</subfield>
      <subfield code="e">author</subfield>
   </datafield>
   <datafield ind2=" " ind1=" " tag="720">
      <subfield code="a">Moya Sánchez, José</subfield>
      <subfield code="e">author</subfield>
   </datafield>
   <datafield ind2=" " ind1=" " tag="720">
      <subfield code="a">Puig i Polo, Càrol</subfield>
      <subfield code="e">author</subfield>
   </datafield>
   <datafield ind2=" " ind1=" " tag="720">
      <subfield code="a">Fraccica, Alessandro</subfield>
      <subfield code="e">author</subfield>
   </datafield>
   <datafield ind2=" " ind1=" " tag="260">
      <subfield code="c">2021-01</subfield>
   </datafield>
   <datafield ind2=" " ind1=" " tag="520">
      <subfield code="a">The stability and erosion of natural and man-made slopes is influenced by soil-vegetation-atmosphere interactions and the thermo-hydro-mechanical slope conditions. Understanding such interactions at the source of slope mass-wasting is important to develop land-use planning strategy and to promote environmentally adapted mitigation strategies, such as the use of vegetation to stabilize slopes and control erosion. Monitoring is essential for calibrating and validating models and for better comprehending the physical mechanisms of soil-vegetation-atmosphere interactions. We approached this complex problem by means of an experimental work in a full-scale monitored embankment, which is divided into four instrumented partitions. These partitions are North or South-faced and present a bare and vegetation cover at each orientation. Our main findings show that vegetation enhances rainfall infiltration and decreases runoff, which reduces slope stability and surficial erosion, while plant transpiration induces higher suctions and hence slope stability. Concerning thermal aspects, vegetation reduces the incidence of net solar radiation and consequently heat flux. Thus, daily temperature fluctuations and evaporation decreases. However, the effect of vegetation in the development of dryer soil conditions is more significant than the orientation effect, presenting higher drying rates and states at the North-vegetated slope compared to the South-bare slope.</subfield>
   </datafield>
   <datafield ind2=" " ind1=" " tag="520">
      <subfield code="a">This research was funded by the national researchs projects called “Slope mass-wasting under climate change (SMuCPhy, project reference number BIA 2015-67500-R)” and “Multiscale analysis of soil erosion in steep slopes (EROSLOP, project reference number PID2019-104266RB-I00) granted by the Ministry of Economy and Competitiveness of Spain and co-funded by AEI/FEDER, UE.</subfield>
   </datafield>
   <datafield ind2=" " ind1=" " tag="520">
      <subfield code="a">Peer Reviewed</subfield>
   </datafield>
   <datafield ind2=" " ind1=" " tag="520">
      <subfield code="a">Postprint (published version)</subfield>
   </datafield>
   <datafield tag="653" ind2=" " ind1=" ">
      <subfield code="a">Àrees temàtiques de la UPC::Enginyeria civil::Geotècnia::Mecànica de sòls</subfield>
   </datafield>
   <datafield tag="653" ind2=" " ind1=" ">
      <subfield code="a">Slopes (Soil mechanics)--Stability</subfield>
   </datafield>
   <datafield tag="653" ind2=" " ind1=" ">
      <subfield code="a">Embankment</subfield>
   </datafield>
   <datafield tag="653" ind2=" " ind1=" ">
      <subfield code="a">Rainfall</subfield>
   </datafield>
   <datafield tag="653" ind2=" " ind1=" ">
      <subfield code="a">Infiltration</subfield>
   </datafield>
   <datafield tag="653" ind2=" " ind1=" ">
      <subfield code="a">Temperature</subfield>
   </datafield>
   <datafield tag="653" ind2=" " ind1=" ">
      <subfield code="a">Vegetation cover</subfield>
   </datafield>
   <datafield tag="653" ind2=" " ind1=" ">
      <subfield code="a">Monitoring</subfield>
   </datafield>
   <datafield tag="653" ind2=" " ind1=" ">
      <subfield code="a">Talussos (Mecànica dels sòls) -- Tractament</subfield>
   </datafield>
   <datafield ind2="0" ind1="0" tag="245">
      <subfield code="a">Slope orientation and vegetation effects on soil thermo-hydraulic behavior: an experimental study</subfield>
   </datafield>
</record></metadata></record></GetRecord></OAI-PMH>